000 00605cam a2200193 4500
001 ABS64247
008 010806n2001 000 0 eng u
035 _a(Sirsi) u113964
245 _aReics grow as Turkey's economy matures
260 _c2001
490 _aEuroProperty
_vJuly 2001, 52-53(2)
520 _aFocuses on the emergence of real estate investment companies (REICs) in Turkey. Graph.
590 _aABS
650 _aEMERGING MARKETS
650 _aREAL ESTATE INVESTMENT COMPANIES
650 _aTURKEY
690 _aPROPERTY-COMMERCIAL PROPERTY-COMMERCIAL PROPERTY MARKET
942 _n0
999 _c67915
_d67915